| Tag |
First Indicator |
Second Indicator |
Subfields |
| LEADER |
00000cam a2200000Ia 4500 |
| 001 |
in00002781468 |
| 005 |
20190331170656.0 |
| 006 |
m d |
| 007 |
cr cnu---unuuu |
| 008 |
100706s1995 paua ob 001 0deng d |
| 020 |
|
|
|a 9781439903766 (electronic bk.)
|
| 020 |
|
|
|a 143990376X (electronic bk.)
|
| 035 |
|
|
|a (OCoLC)ocn646068258
|
| 035 |
|
|
|a (OCoLC)646068258
|
| 040 |
|
|
|a N$T
|b eng
|c N$T
|d EBLCP
|d OCLCQ
|d MHW
|d E7B
|d OCLCQ
|d TEFOD
|d OCLCQ
|d UtOrBLW
|
| 043 |
|
|
|a nwtr---
|
| 049 |
|
|
|a TXAM
|
| 050 |
|
4 |
|a BL2566.T7
|b H68 1995eb
|
| 072 |
|
7 |
|a REL
|x 029000
|2 bisacsh
|
| 082 |
0 |
4 |
|a 299/.6/0972983
|2 22
|
| 100 |
1 |
|
|a Houk, James T.
|q (James Titus),
|d 1955-
|
| 245 |
1 |
0 |
|a Spirits, blood, and drums :
|b the Orisha religion in Trinidad /
|c James T. Houk.
|
| 264 |
|
1 |
|a Philadelphia :
|b Temple University Press,
|c 1995.
|
| 300 |
|
|
|a 1 online resource (xvi, 238 pages) :
|b illustrations
|
| 336 |
|
|
|a text
|b txt
|2 rdacontent
|
| 337 |
|
|
|a computer
|b c
|2 rdamedia
|
| 338 |
|
|
|a online resource
|b cr
|2 rdacarrier
|
| 504 |
|
|
|a Includes bibliographical references (pages 221-231) and index.
|
| 520 |
1 |
|
|a "Valuable, well-presented study examines background, rites and ceremonies, and social organization of Orisha religion, 'arguably the most purely African cultural practice left on the island.' However, worshipers combine, in varying degrees, elements from five traditions - African, Catholic, Hindu, Protestant, and Kabbalah - to form an 'Afro-American religious complex.'"--Handbook of Latin American Studies, v. 57.
|
| 505 |
0 |
|
|a List of Tables and Illustrations; Preface; Acknowledgments; Part I; 1. Orisha Experiences; 2. Religion, Postmodernism, and Methodology; 3. The Setting; Part II; 4. African Roots of the Orisha Religion; 5. Catholicism and the Orisha Religion; 6. The Spiritual Baptists; 7. Hinduism and the Kabbalah; Part III; 8. Spirits and Spirit Possession; 9. Social Organization of the Orisha Religion; 10. The Orisha and Their Abodes; 11. The Ebo, Feast for the Gods; Part IV; 12. The Orisha Religion as an Open System; 13. Syncretism and Eclecticism versus Africanization.
|
| 588 |
|
|
|a Description based on print version record.
|
| 500 |
|
|
|a Electronic resource.
|
| 650 |
|
0 |
|a Blacks
|z Trinidad and Tobago
|x Religion.
|
| 651 |
|
0 |
|a Trinidad and Tobago
|x Religion.
|
| 600 |
1 |
0 |
|a Houk, James T.
|q (James Titus),
|d 1955-
|
| 650 |
|
4 |
|a Religion.
|
| 650 |
|
7 |
|a RELIGION
|x Ethnic & Tribal.
|2 bisacsh
|
| 650 |
1 |
7 |
|a Volksgeloof.
|2 gtt
|
| 650 |
1 |
7 |
|a Godsdienst.
|2 gtt
|
| 650 |
1 |
7 |
|a Negers.
|2 gtt
|
| 650 |
|
7 |
|a Noirs
|z Trinité-et-Tobago
|x Religion.
|2 ram
|
| 651 |
|
7 |
|a Trinité-et-Tobago
|x Religion.
|2 ram
|
| 650 |
0 |
7 |
|a Religion.
|2 swd
|
| 651 |
|
7 |
|a Trinidad und Tobago.
|2 swd
|
| 651 |
|
7 |
|a Schwarze.
|2 swd
|
| 655 |
|
7 |
|a Electronic books.
|2 local
|
| 776 |
0 |
8 |
|i Print version:
|a Houk, James T. (James Titus), 1955-
|t Spirits, blood, and drums.
|d Philadelphia : Temple University Press, 1995
|z 9781566393492
|w (DLC) 94046666
|w (OCoLC)31738705
|
| 856 |
4 |
0 |
|u http://proxy.library.tamu.edu/login?url=http://search.ebscohost.com/login.aspx?direct=true&scope=site&db=nlebk&db=nlabk&AN=326135
|z Connect to the full text of this electronic book
|t 0
|
| 994 |
|
|
|a 92
|b TXA
|
| 948 |
|
|
|a cataloged
|b h
|c 2012/11/8
|d c
|e jlanham
|f 1:06:38 pm
|
| 999 |
|
|
|a MARS
|
| 999 |
f |
f |
|s 2388ec8d-3e80-3b88-9a80-edb037f8283e
|i 164f89a4-7277-3978-b90c-49caf0295b70
|t 0
|
| 952 |
f |
f |
|a Texas A&M University
|b College Station
|c Electronic Resources
|d Available Online
|t 0
|e BL2566.T7 H68 1995eb
|h Library of Congress classification
|
| 998 |
f |
f |
|a BL2566.T7 H68 1995eb
|t 0
|l Available Online
|